|
|
|
|
| LEADER |
00000nab a2200000 a 4500 |
| 001 |
vtls001025122 |
| 003 |
SK-MaSNL |
| 005 |
20260303042203.0 |
| 008 |
040720e19980219xo 0 slo |
| 035 |
|
|
|a SL3679
|
| 040 |
|
|
|a SLLK
|b slo
|c SLLK
|e AACR2
|
| 041 |
0 |
|
|a slo
|
| 044 |
|
|
|a xo
|c SK
|
| 080 |
|
|
|a 796.323
|2 1981
|
| 100 |
1 |
|
|a Solár, František
|4 aut
|9 705180
|
| 245 |
1 |
0 |
|a Iskierka nádeje na záchranu
|b rozhovor s trénerom basketbalistiek ŠKM ARMIDA v St. Ľubovni PaedDr. Františkom Solárom
|
| 610 |
2 |
7 |
|a ŠKM ARMIDA (Stará Ľubovňa, Slovensko)
|2 SLLK
|9 1028134
|
| 650 |
0 |
7 |
|a basketbal
|2 SLLK
|9 3290
|
| 650 |
0 |
7 |
|a sezóny
|2 SLLK
|9 58112
|
| 655 |
|
7 |
|a periodikum
|2 snkbucl
|9 29553
|
| 700 |
1 |
0 |
|a Hreško, Mikuláš
|4 aut
|9 753537
|
| 710 |
2 |
|
|a ŠKM ARMIDA (Stará Ľubovňa, Slovensko)
|4 aut
|9 1028134
|
| 773 |
0 |
8 |
|t Ľubovnianske noviny
|g Roč. 24, č.7, 19.2.1998, s. 4
|
| 852 |
|
|
|a ZVYKNI
|b KIS3GCP
|
| 999 |
|
|
|c 1690880
|d 1692810
|